Dr.Stephen V Evans Secretary General International Rubber Study Group(IRSG) in an interview with M Noorani (Record no. 57363)

MARC details
000 -LEADER
fixed length control field 00367nam a2200109Ia 4500
245 #0 - TITLE STATEMENT
Title Dr.Stephen V Evans Secretary General International Rubber Study Group(IRSG) in an interview with M Noorani
260 ## - PUBLICATION, DISTRIBUTION, ETC. (IMPRINT)
Name of publisher International Rubber journal
Year of publication 2013
300 ## - PHYSICAL DESCRIPTION
Number of Pages 12-Oct
650 ## - SUBJECT ADDED ENTRY--TOPICAL TERM
Topical Term International Rubber Study
942 ## - ADDED ENTRY ELEMENTS (KOHA)
Koha item type Journals
Holdings
Withdrawn status Lost status Damaged status Not for loan Home library Current library Shelving location Date acquired Serial Enumeration / chronology Koha item type
      Journals RRII Library RRII Library Rubber general 17/12/2021 Volume 153, Issue Journals